Trendy vo vzdelávaní študentov študijného programu Aktuárstvo recenzovaný monografický zborník vedeckých prác

Bibliographic Details
Other Authors: Krčová, Ingrid, 1969- (Editor)
Format: Book
Language:Slovak
English
PhysicalDescription:120 strán grafy, schémy 21 cm
Published: Litomyšl H.R.G, spol. s.r.o. 2023
ISBN:9788074903120
Subjects:

MARC

LEADER 00000cam a2200000 4500
001 vtls012246692
003 SK-MaSNL
005 20260426015256.0
008 231221s2023 xo a f n 000 0 slo
015 |a SNBA2023 
020 |a 9788074903120  |q (brožované) 
040 |a SNK  |b slo  |c SNK  |e rda 
041 0 |a slo  |a eng 
044 |a xo  |c SK 
072 7 |a 51  |x Matematika  |2 konspekt 
080 |a 51-7  |2 2011 
080 |a 37.01/.09  |2 2011 
080 |a (082)  |2 2011 
245 0 0 |a Trendy vo vzdelávaní študentov študijného programu Aktuárstvo  |b recenzovaný monografický zborník vedeckých prác  |c zostavovateľ: Ingrid Krčová 
246 3 1 |a Trends in the education of students in the study program of the actuarial science 
264 1 |a Litomyšl  |b H.R.G, spol. s.r.o.  |c 2023 
300 |a 120 strán  |b grafy, schémy  |c 21 cm 
336 |a text  |b txt  |2 rdacontent 
337 |a bez média  |b n  |2 rdamedia 
338 |a zväzok  |b nc  |2 rdacarrier 
366 |e 50 kusov 
504 |a Obsahuje bibliografie za jednotlivými príspevkami 
650 0 7 |a aktuárstvo  |2 SNKPH  |9 53586 
650 0 7 |a Actuarial science  |2 SNKPHeng  |9 507860 
650 0 7 |a vzdelávanie  |2 SNKPH  |9 4033 
650 0 7 |a Education  |2 SNKPHeng  |9 265320 
655 7 |a zborníky  |2 SNKPH  |9 70165 
655 7 |a Papers of several authors  |2 SNKPHeng  |9 153738 
700 1 |a Krčová, Ingrid,  |d 1969-  |4 edt  |9 84272 
710 2 |a Ekonomická univerzita v Bratislave.  |b Fakulta hospodárskej informatiky.  |b Katedra matematiky a aktuárstva  |4 pbl  |9 162113 
852 |a Slovenská národná knižnica 
919 |a 978-80-7490-312-0 
954 |a odborná, vedecká literatúra pôvodná (slovenská)  |2 lita 
958 |a NB 
999 |c 1180668  |d 1182598 
952 |a SNK  |b SNK  |y PREZ  |7 0  |p 17A1540657  |o snkSC 204733  |i snk2023/18511  |8 1  |0 0  |1 0  |4 0  |d 2023-12-21  |f 1  |l 0  |r 2026-02-24 21:37:06  |w 2026-02-24